Atti di Governo, Serie XI: gennaio-dicembre 1794

Сохранить в:
Библиографические подробности
Главный автор: Beccaria, Cesare (Автор)
Формат:
Язык:итальянский
Опубликовано: Milán Mediobanca 2009
Серии:Edizione Nazionale delle Opere di Cesare Beccaria, 16
Предметы:
Метки: Добавить метку
Нет меток, Требуется 1-ая метка записи!

MARC

LEADER 00000nam a2200000 a 4500
001 UCG6474
003 CL-VaPUC
008 110428e20090000IT |||||||||||||||||ita|d
082 0 4 |a 808.369358  |b BEC  |2 21 
100 0 |a Beccaria, Cesare   |e author  |9 548160 
245 1 0 |a Atti di Governo, Serie XI: gennaio-dicembre 1794 
300 |a 2 t 
942 |c BK 
945 |d 20110428 00:00:00  |a cmena 
260 |a Milán  |b Mediobanca  |c 2009 
500 |a Incluye glosario 
600 0 7 |a BECCARIA, CESARE BONESANA, MARQUES DE  |2 CL-VaPUC  |9 515532 
650 0 |a Correspondencia  |9 258963 
650 0 |a Política  |9 255312 
583 |a last modification  |c 20110428 00:00:00  |k Rodrigo Vera 
490 0 |a Edizione Nazionale delle Opere di Cesare Beccaria, 16 
999 |c 344697  |d 344695 
952 |0 0  |1 0  |4 0  |6 808_369358000000000_BEC_2009  |7 0  |8 DER_HIS  |9 442832  |a BIBDER  |b BIBDER  |d 2019-11-22  |h t.1  |i 4769554  |l 1  |o 808.369358 BEC 2009  |p 4769554  |r 2023-01-25  |s 2020-03-17  |w 2019-11-22  |x Ubicación 4to Piso  |y BK  |z Estos recursos deben solicitarse con anticipación  |k DER 
952 |0 0  |1 0  |4 0  |6 808_369358000000000_BEC_2009  |7 0  |8 DER_HIS  |9 442833  |a BIBDER  |b BIBDER  |d 2019-11-22  |h t.2  |i 4769562  |l 1  |o 808.369358 BEC 2009  |p 4769562  |r 2023-01-25  |s 2020-03-17  |w 2019-11-22  |x Ubicación 4to Piso  |y BK  |z Estos recursos deben solicitarse con anticipación  |k DER